Welcome to the Holygrace Academy Library

Please use search bar below to get started

ON THE MOVE (Record no. 2607)

MARC details
000 -LEADER
fixed length control field 00281nam a22001217a 4500
020 ## - INTERNATIONAL STANDARD BOOK NUMBER
ISBN 0-7214-0752-6
082 ## - DEWEY DECIMAL CLASSIFICATION NUMBER
Classification number 823
Item number BRA/M
100 ## - MAIN ENTRY--AUTHOR NAME
Personal name BRADBURY
245 ## - TITLE STATEMENT
Title ON THE MOVE
Remainder of title LADY BIRD TODDLER BOOK
260 ## - PUBLICATION, DISTRIBUTION, ETC. (IMPRINT)
Place of publication ENGLAND
Name of publisher LADY BIRD
650 ## - SUBJECT ADDED ENTRY--TOPICAL TERM
Topical Term ENGLISH SHORT STORY
Geographic subdivision UK
942 ## - ADDED ENTRY ELEMENTS (KOHA)
Koha item type Books
Holdings
Withdrawn status Lost status Collection code Home library Current library Shelving location Date acquired Source of acquisition Full call number Accession Number Koha item type
    Fiction Main Library Main Library SHELF 3- C- LADY BIRD STORY BOOKS 13/05/2014 PURCHASE 823 BRA/M 08918 Books